| 000 | 00401nam a22001697a 4500 | ||
|---|---|---|---|
| 005 | 20180305141830.0 | ||
| 008 | 160429b xxu||||| |||| 00| 0 eng d | ||
| 020 | _a81-259-0956-7 | ||
| 041 | _aeng | ||
| 082 |
_b00924 _a332.46 |
||
| 100 |
_aVaish MC _9262 |
||
| 245 | _aMonetary Theory | ||
| 260 |
_bVikas Publishing house Pvt. Ltd. _c2004 |
||
| 300 | _a645 | ||
| 650 |
_aManagement _9241 |
||
| 942 | _cBK | ||
| 999 |
_c302 _d302 |
||